000 00926nam a2200217Ia 4500
999 _c7269
_d7269
003 GBCCL
005 20241126110624.0
008 180723b ||||| |||| 00| 0 eng d
020 _a0891090738
040 _cgbc
082 _a227.1007
_bNAV
110 _aNavigators
_910585
245 _aA NavPress Bible study on the book of Romans.
260 _cColorado Springs, Colo. :
_aNavPress,
_b ©1987.
300 _a213 pages ;
_c 22 cm.
440 _aLife change series.
_912866
505 _a A NavPress Bible study emphasizing: personal discovery of God's Word; Application of Scripture to your daily life; Scene-setting historical insights; Mini leader's guides for small groups; Helpful word origins and definitions; Stimulating discussion questions; Challenging optional projects.
650 _aBible. -- Romans -- Study and teaching.
_912868
650 _aBible. -- Romans. Study skills.
_912869
942 _2ddc
_cBK
_02